Les 20 villes les plus peuplées du Vaucluse (84) - Statistiques

Statistiques générales
  • Ce quiz a été pris 111 fois
  • Le résultat moyen est 12 sur 20
Statistiques - réponses
HINT HINT ANSWER % Correct
91 760 A Avignon
100%
30 854 C Carpentras
96%
29 357 O Orange
94%
25 890 C Cavaillon
89%
19 030 S Sorgues
80%
10 297 A Apt
75%
17 985 L Le Pontet
73%
19 764 P Pertuis
73%
13 871 B Bollène
69%
20 315 L L'Isle-sur-la-Sorgue
65%
13 159 M Monteux
61%
9 285 V Valréas
61%
11 799 V Vedène
44%
10 433 P Pernes-les-Fontaines
39%
8 887 L Le Thor
34%
6 245 C Courthézon
28%
6 272 M Mazan
25%
8 888 E Entraigues-sur-la-Sorgue
21%
8 996 M Morières-lès-Avignon
17%
5 962 A Aubignan
13%
Aucun quiz correspondant
Distribution des résultats
% des personnes avec chaque résultat
Percentile par nombre de réponses
Votre historique - résultats
Vous n’avez pas pris ce quiz